| 000 | 00812nam a22002057a 4500 | ||
|---|---|---|---|
| 999 |
_c17062 _d17062 |
||
| 003 | AR-CdUCM | ||
| 008 | 190507b ||||| |||| 00| 0 spa d | ||
| 040 |
_aMUNICIPALIDAD PROVINCIAL DEL CUSCO _cBIBLIOTECA MUNICIPAL DEL CUSCO |
||
| 082 |
_a462 / _bH56 |
||
| 100 |
_aHerrero Mayor, Avelino _936884 |
||
| 245 |
_aArtesanía y prevaricación del castellano : _bEnsayos filosóficos / |
||
| 260 |
_aBuenos Aires : _bM. Gleizer, _c1562. |
||
| 300 |
_a170 paginas : _c16 cm. |
||
| 505 | _aContenido :Del reino de Germanía a las aulas secundarias --El aforismo de Bolieau y los prevaricadores del buen lenguaje --Las cualidades distintivas de la expresión corriente ... | ||
| 650 |
_aFilosofía _9395 |
||
| 650 |
_aEnsayos _9375 |
||
| 650 |
_aAforismo _936885 |
||
| 942 |
_2ddc _cLIBROS |
||
| 945 |
_arjall _d2019-05-07 |
||